Top 3 NBA 2K21 Current Players by College: SEC - Statistics

General Stats
  • This quiz has been taken 29 times
  • The average score is 17 of 41
Answer Stats
College Player Rating % Correct
Kentucky Anthony Davis 94
100%
Ole Miss Terence Davis 75
90%
LSU Ben Simmons 88
80%
Georgia Anthony Edwards 77
75%
Kentucky Karl-Anthony Towns 89
70%
Kentucky Devin Booker 88
65%
Tennessee Grant Williams 71
65%
Florida Al Horford 81
60%
Florida Bradley Beal 90
60%
Alabama Collin Sexton 83
60%
Texas A&M Robert Williams 77
60%
Tennessee Tobias Harris 86
60%
Texas A&M DeAndre Jordan 79
55%
Missouri Jontay Porter 68
55%
Missouri Michael Porter Jr. 82
55%
Vanderbilt Darius Garland 77
50%
Vanderbilt Damian Jones 73
45%
Florida Dorian Finney-Smith 73
45%
Texas A&M Khris Middleton 86
45%
Arkansas Patrick Beverley 78
40%
Arkansas Bobby Portis 80
35%
Missouri Jordan Clarkson 84
35%
Georgia Kentavious Caldwell-Pope 75
35%
Kentucky Bam Adebayo 88
30%
Alabama JaMychal Green 77
30%
Auburn Jared Harper 67
30%
LSU Naz Reid 78
25%
Georgia Nicolas Claxton 74
25%
Auburn Chuma Okeke 72
20%
Tennessee Josh Richardson 78
20%
Alabama Kira Lewis Jr. 72
20%
South Carolina Sindarius Thornwell 71
20%
Arkansas Daniel Gafford 77
15%
Auburn Isaac Okoro 73
15%
South Carolina P.J. Dozier 75
15%
Mississippi State Robert Woodard II 70
15%
Vanderbilt Saben Lee 75
15%
South Carolina Chris Silva 72
10%
Mississippi State Reggie Perry 72
10%
Mississippi State Rodney Hood 73
5%
LSU Garrett Temple 73
0%
No matching quizzes found
Score Distribution
Percent of People with Each Score
Percentile by Number Answered
Your Score History
You have not taken this quiz